| 000 | 00630nam a2200205 a 4500 | ||
|---|---|---|---|
| 001 | BRL_1064 | ||
| 005 | 20190320211023.0 | ||
| 008 | 061113s1930----ec-#######---#000-0#spa-# | ||
| 041 | _aspa | ||
| 044 | _aec | ||
| 050 | 4 |
_aF3791.G9 _b.P56 1930 |
|
| 100 | 1 |
_aPino Roca, J. Gabriel _925724 |
|
| 245 | 1 | 0 |
_aLeyendas, tradiciones y páginas de historia de Guayaquil _cJ. Gabriel Pino Roca. |
| 260 |
_aGuayaquil _bJouvin _c1930 |
||
| 300 |
_a414, ii p. _c20 cm. |
||
| 500 | _aDonación de Juan Castro y Velázquez | ||
| 650 | 1 | 4 |
_aLeyendas _zGuayaquil, Ecuador _925725 |
| 651 | 4 |
_aGuayaquil (Ecuador) _xHistoria _925726 |
|
| 942 |
_2lcc _cB |
||
| 999 |
_c9876 _d9876 |
||